000 nam a22 7a 4500
999 _c8474
_d8474
008 180117b ||||| |||| 00| 0 eng d
100 _aTrend Setters
_92848
245 _aEnglish Destination
260 _aNew delhi
_bT.S.LTD
_c2009